[Event "Ilichevsk Sunny Pawn op"]
[Site "Ilichevsk"]
[Date "2008.07.30"]
[Round "10"]
[White "Kosikov, Andrey"]
[Black "Ulasevich, Sergei"]
[Result "1/2-1/2"]
[WhiteElo "2174"]
[BlackElo "2089"]
[PlyCount "113"]
[EventDate "2008.07.20"]
[EventType "swiss"]
[EventRounds "10"]
[EventCountry "UKR"]
[SourceTitle "CBM 125 Extra"]
[Source "ChessBase"]
[SourceDate "2008.09.01"]
[SourceVersion "1"]
[SourceVersionDate "2008.09.01"]
[SourceQuality "1"]

1. c4 Nf6 2. Nc3 g6 3. g3 Bg7 4. Bg2 0-0 5. Nf3 d6 6. d4 c6 7. 0-0 Qb6 8. e4 Bg4 9. Qd3 Nfd7 10. Be3 Qxb2 11. Nd2 Nc5 12. Qb1 Qxc3 13. dxc5 Bc8 14. Nb3 Qxc4 15. cxd6 exd6 16. Rd1 Qe6 17. h4 Nd7 18. Qd3 Ne5 19. Qe2 Qc4 20. Qd2 Bg4 21. Rdc1 Qa4 22. Qxd6 Rad8 23. Qe7 Rd7 24. Qg5 b6 25. Rab1 h6 26. Qf4 Be2 27. Bd2 Nd3 28. Qe3 Nxc1 29. Rxc1 Bc4 30. e5 Bd5 31. Bh3 Re7 32. Bc3 Qe4 33. Qxe4 Bxe4 34. f4 f6 35. Nd4 Bd5 36. Nxc6 Rc7 37. Nb4 Bc4 38. exf6 Bxf6 39. Bxf6 Rxf6 40. Nd5 Bxd5 41. Rxc7 Bxa2 42. Rxa7 Bc4 43. Rb7 Bd5 44. Rb8+ Kf7 45. Bg2 Bc4 46. Bf1 Bxf1 47. Kxf1 Rd6 48. Ke2 h5 49. Ke3 Kf6 50. Ke4 Rc6 51. Rf8+ Ke6 52. Rg8 Kf7 53. Rb8 Ke6 54. Rg8 Kf7 55. Rb8 Re6+ 56. Kf3 Rc6 57. Ke4 1/2-1/2

[Event "Kiev Independence Cup-A 7th"]
[Site "Kiev"]
[Date "2007.08.20"]
[Round "8"]
[White "Kosikov, Andrey"]
[Black "Varchenko, Grigory"]
[Result "0-1"]
[WhiteElo "2161"]
[BlackElo "2223"]
[PlyCount "82"]
[EventDate "2007.08.13"]
[EventType "swiss"]
[EventRounds "11"]
[EventCountry "UKR"]
[SourceTitle "CBM 119 Extra"]
[Source "ChessBase"]
[SourceDate "2007.09.04"]
[SourceVersion "1"]
[SourceVersionDate "2007.09.04"]
[SourceQuality "1"]

1. Nf3 d5 2. d4 Nf6 3. e3 Bf5 4. c4 c6 5. Nc3 e6 6. Nh4 Bg6 7. Nxg6 hxg6 8. Bd2 Bd6 9. Qb3 b6 10. cxd5 exd5 11. Be2 Nbd7 12. 0-0-0 a5 13. f3 b5 14. e4 b4 15. Nxd5 cxd5 16. e5 Qb6 17. exd6 0-0 18. Bf4 Rfe8 19. Rhe1 Nh5 20. Bd2 Qxd6 21. Kb1 Nb6 22. g3 Nf6 23. Bb5 Re6 24. Bf4 Qe7 25. Rxe6 Qxe6 26. Rc1 Rc8 27. Rc5 Nc4 28. Bxc4 dxc4 29. Qe3 Qd7 30. Rxa5 c3 31. Qd3 Nd5 32. Rc5 Rd8 33. Bc1 Re8 34. g4 Re1 35. Qb5 Qe6 36. Qd3 Nf4 37. Qc2 Ne2 38. Re5 Qa6 39. Rxe2 Rxe2 40. Qb3 Qd3+ 41. Ka1 cxb2+ 0-1

[Event "Kiev Independence Cup-A 7th"]
[Site "Kiev"]
[Date "2007.08.19"]
[Round "7"]
[White "Malienko, Alexander"]
[Black "Kosikov, Andrey"]
[Result "1-0"]
[WhiteElo "2240"]
[BlackElo "2161"]
[PlyCount "75"]
[EventDate "2007.08.13"]
[EventType "swiss"]
[EventRounds "11"]
[EventCountry "UKR"]
[SourceTitle "CBM 119 Extra"]
[Source "ChessBase"]
[SourceDate "2007.09.04"]
[SourceVersion "1"]
[SourceVersionDate "2007.09.04"]
[SourceQuality "1"]

1. e4 c5 2. Nf3 Nc6 3. d4 cxd4 4. Nxd4 g6 5. c4 Nf6 6. Nc3 Nxd4 7. Qxd4 d6 8. Be3 Bg7 9. f3 0-0 10. Qd2 a5 11. Bd3 a4 12. 0-0 Qa5 13. Rac1 Re8 14. Qf2 Nd7 15. f4 Nc5 16. Bb1 Be6 17. Nd5 Bxd5 18. cxd5 Rac8 19. Bd4 Nd7 20. Rcd1 Bxd4 21. Rxd4 Rc5 22. Bc2 b5 23. b4 axb3 24. Bxb3 Rec8 25. Rdd1 Qc3 26. e5 R5c7 27. Kh1 Rf8 28. Qh4 dxe5 29. f5 e4 30. fxg6 hxg6 31. Qxe7 Ne5 32. Qg5 Nc4 33. d6 Rd7 34. Qxb5 Ne5 35. Rd5 Ng4 36. Qxd7 Ne3 37. Rdd1 Nxd1 38. Rxf7 1-0

[Event "Kiev Independence Cup-A 7th"]
[Site "Kiev"]
[Date "2007.08.18"]
[Round "6"]
[White "Kosikov, Andrey"]
[Black "Bykov, Alexey"]
[Result "1/2-1/2"]
[WhiteElo "2161"]
[BlackElo "2250"]
[PlyCount "57"]
[EventDate "2007.08.13"]
[EventType "swiss"]
[EventRounds "11"]
[EventCountry "UKR"]
[SourceTitle "CBM 119 Extra"]
[Source "ChessBase"]
[SourceDate "2007.09.04"]
[SourceVersion "1"]
[SourceVersionDate "2007.09.04"]
[SourceQuality "1"]

1. Nf3 d5 2. d4 Nf6 3. e3 Bg4 4. c4 dxc4 5. Bxc4 e6 6. Nc3 a6 7. h3 Bh5 8. 0-0 Nc6 9. Qe2 Bd6 10. Rd1 Qe7 11. g4 Bg6 12. e4 e5 13. Bg5 exd4 14. Nd5 Qxe4 15. Nxf6+ gxf6 16. Bxf6 Qxe2 17. Bxe2 0-0 18. Nxd4 Be7 19. Bxe7 Nxe7 20. Bf3 c6 21. Nb3 Rfd8 22. Na5 Rab8 23. Rxd8+ Rxd8 24. Nxb7 Rd3 25. Bg2 Nd5 26. Rc1 Nf4 27. Bf1 Rd2 28. b4 Rxa2 29. Nd8 1/2-1/2

[Event "Stepichev Memorial-A 14th"]
[Site "Kiev"]
[Date "2007.01.09"]
[Round "11"]
[White "Vusatiuk, Andrey"]
[Black "Kosikov, Andrey"]
[Result "1-0"]
[WhiteElo "2305"]
[BlackElo "2152"]
[PlyCount "67"]
[EventDate "2006.12.27"]
[EventType "tourn"]
[EventRounds "11"]
[EventCountry "UKR"]
[EventCategory "2"]
[SourceTitle "EXT 2008"]
[Source "ChessBase"]
[SourceDate "2007.11.25"]
[SourceVersion "1"]
[SourceVersionDate "2007.11.25"]
[SourceQuality "1"]

1. Nc3 c5 2. Nf3 Nc6 3. d4 cxd4 4. Nxd4 g6 5. Nxc6 bxc6 6. Qd4 Nf6 7. Ne4 Bg7 8. Bg5 0-0 9. Bxf6 exf6 10. Nd6 f5 11. Qb4 Ba6 12. Qa3 Qb6 13. 0-0-0 Rab8 14. c3 Rfd8 15. e3 Bxf1 16. Rhxf1 Bf8 17. Rd2 c5 18. Rfd1 Qc6 19. g3 Rb6 20. Nc4 Ra6 21. Qb3 Qc7 22. a3 Re6 23. Qa4 Re4 24. Qa6 h5 25. Qa5 Qb8 26. Nd6 Re5 27. Nb7 Rc8 28. Rxd7 Re6 29. Qa4 c4 30. Nd8 Rb6 31. R1d2 Rb3 32. Rxf7 Qe5 33. Qa6 Rcb8 34. Qxc4 1-0

[Event "Stepichev Memorial-A 14th"]
[Site "Kiev"]
[Date "2007.01.06"]
[Round "8"]
[White "Kosikov, Andrey"]
[Black "Bidkov, Anton"]
[Result "1-0"]
[WhiteElo "2152"]
[BlackElo "2132"]
[PlyCount "97"]
[EventDate "2006.12.27"]
[EventType "tourn"]
[EventRounds "11"]
[EventCountry "UKR"]
[EventCategory "2"]
[SourceTitle "EXT 2008"]
[Source "ChessBase"]
[SourceDate "2007.11.25"]
[SourceVersion "1"]
[SourceVersionDate "2007.11.25"]
[SourceQuality "1"]

1. Nf3 Nf6 2. c4 g6 3. Nc3 d5 4. cxd5 Nxd5 5. g3 Bg7 6. Bg2 0-0 7. 0-0 e5 8. Nxd5 Qxd5 9. d3 c6 10. Qc2 b6 11. a4 Bb7 12. a5 Na6 13. Be3 c5 14. Qa4 f5 15. Rfd1 Nb4 16. Ne1 Qf7 17. Bxb7 Qxb7 18. Qb5 Rab8 19. axb6 axb6 20. Ra4 f4 21. Bd2 Nc6 22. Qc4+ Kh8 23. Qe4 fxg3 24. hxg3 Qf7 25. f3 Nd4 26. Rda1 Nb3 27. Ra7 Qe6 28. Rd1 Nd4 29. Bc3 Qh3 30. Kf2 Rbe8 31. Ng2 Nf5 32. g4 Qg3+ 33. Kf1 Nh6 34. Kg1 Nf7 35. Qe3 Qh3 36. Rda1 h5 37. gxh5 Qxh5 38. R1a4 Kg8 39. Rg4 Bf6 40. Qe4 Kg7 41. Kf2 Kh6 42. Nh4 Ng5 43. Bd2 Re7 44. Bxg5+ Bxg5 45. Rxe7 Rf4 46. Rxf4 exf4 47. Qxg6+ Qxg6 48. Nxg6 Kxg6 49. Re6+ 1-0

[Event "Stepichev Memorial-A 14th"]
[Site "Kiev"]
[Date "2006.12.30"]
[Round "4"]
[White "Pavlov, Sergey1"]
[Black "Kosikov, Andrey"]
[Result "1-0"]
[WhiteElo "2415"]
[BlackElo "2152"]
[PlyCount "83"]
[EventDate "2006.12.27"]
[EventType "tourn"]
[EventRounds "11"]
[EventCountry "UKR"]
[EventCategory "2"]
[SourceTitle "EXT 2008"]
[Source "ChessBase"]
[SourceDate "2007.11.25"]
[SourceVersion "1"]
[SourceVersionDate "2007.11.25"]
[SourceQuality "1"]

1. e4 d5 2. exd5 Qxd5 3. Nc3 Qd8 4. d4 Nf6 5. Nf3 c6 6. Bc4 Bf5 7. Ne5 e6 8. g4 Bg6 9. h4 Bb4 10. f3 Nd5 11. Bxd5 cxd5 12. Qe2 Bxc3+ 13. bxc3 Qc8 14. h5 Qxc3+ 15. Kf2 Qxd4+ 16. Kg2 Bd3 17. cxd3 Qxa1 18. Bb2 Qxa2 19. Qc2 Nc6 20. Ra1 Nd4 21. Qf2 Qb3 22. Qxd4 f6 23. h6 gxh6 24. Nf7 Rf8 25. Nd6+ Kd7 26. Ne4 Rac8 27. Ba3 Rc2+ 28. Kg3 e5 29. Nc5+ Ke8 30. Nxb3 exd4 31. Nxd4 Rd2 32. Bxf8 Kxf8 33. Rxa7 Rxd3 34. Ne6+ Kf7 35. Nf4 Rb3 36. Nxd5 Rb5 37. Nc3 Rb3 38. Ne4 Kg6 39. Ra5 Rb6 40. Rd5 Re6 41. Rd7 b6 42. Nd6 1-0

[Event "Stepichev Memorial-A 14th"]
[Site "Kiev"]
[Date "2006.12.29"]
[Round "3"]
[White "Kosikov, Andrey"]
[Black "Baryshpolets, Andrey"]
[Result "1/2-1/2"]
[WhiteElo "2152"]
[BlackElo "2251"]
[PlyCount "97"]
[EventDate "2006.12.27"]
[EventType "tourn"]
[EventRounds "11"]
[EventCountry "UKR"]
[EventCategory "2"]
[SourceTitle "EXT 2008"]
[Source "ChessBase"]
[SourceDate "2007.11.25"]
[SourceVersion "1"]
[SourceVersionDate "2007.11.25"]
[SourceQuality "1"]

1. Nf3 Nf6 2. c4 g6 3. Nc3 Bg7 4. d4 0-0 5. g3 d6 6. Bg2 Nbd7 7. 0-0 e5 8. e4 c6 9. h3 Qa5 10. Qc2 exd4 11. Nxd4 Nb6 12. Nce2 Qe5 13. Bf4 Qe7 14. Rad1 Re8 15. f3 a6 16. Rfe1 Nfd7 17. Nxc6 bxc6 18. Bxd6 Qe6 19. c5 Qc4 20. Qb1 Qb5 21. cxb6 Qxb6+ 22. Kh2 Ne5 23. Qc2 Be6 24. b3 Rad8 25. f4 Rxd6 26. Rxd6 Nf3+ 27. Bxf3 Qf2+ 28. Bg2 Qxe1 29. Nd4 Bd5 30. e5 Bxe5 31. fxe5 Qxe5 32. Rxd5 cxd5 33. Qc5 Kg7 34. Nc6 Qb2 35. Qd4+ Qxd4 36. Nxd4 Kf6 37. Kg1 Rc8 38. Kf2 Ke5 39. Nf3+ Kd6 40. Ne1 Rc1 41. Bf1 a5 42. Bb5 Ra1 43. a4 Rb1 44. Nd3 Rxb3 45. Ke3 f5 46. Kf4 d4 47. g4 fxg4 48. hxg4 h5 49. Ne5 1/2-1/2

[Event "Stepichev Memorial-A 14th"]
[Site "Kiev"]
[Date "2006.12.28"]
[Round "2"]
[White "Golichenko, Ilja"]
[Black "Kosikov, Andrey"]
[Result "0-1"]
[WhiteElo "2289"]
[BlackElo "2152"]
[PlyCount "52"]
[EventDate "2006.12.27"]
[EventType "tourn"]
[EventRounds "11"]
[EventCountry "UKR"]
[EventCategory "2"]
[SourceTitle "EXT 2008"]
[Source "ChessBase"]
[SourceDate "2007.11.25"]
[SourceVersion "1"]
[SourceVersionDate "2007.11.25"]
[SourceQuality "1"]

1. d4 d5 2. c4 e6 3. Nc3 c6 4. e3 Nf6 5. Nf3 Be7 6. Bd3 b6 7. 0-0 Bb7 8. Qe2 Nbd7 9. b3 0-0 10. Bb2 Qc7 11. Rac1 Rac8 12. e4 dxe4 13. Nxe4 Nxe4 14. Bxe4 Nf6 15. Bb1 c5 16. dxc5 Qxc5 17. Ne5 Rcd8 18. Rc3 Qa5 19. h4 Rfe8 20. h5 h6 21. Nxf7 Kxf7 22. Bg6+ Kg8 23. Qxe6+ Kh8 24. Bxe8 Rxe8 25. Re3 Qg5 26. Rg3 Qxg3 0-1

[Event "UKR-ch sf U18"]
[Site "Kharkov"]
[Date "2006.12.06"]
[Round "5"]
[White "Aridov, Vladimir"]
[Black "Kosikov, Andrey"]
[Result "1/2-1/2"]
[WhiteElo "2166"]
[BlackElo "2156"]
[PlyCount "172"]
[EventDate "2006.12.02"]
[EventType "swiss"]
[EventRounds "9"]
[EventCountry "UKR"]
[SourceTitle "EXT 2023"]
[Source "ChessBase"]
[SourceDate "2022.10.05"]
[SourceVersion "1"]
[SourceVersionDate "2022.10.05"]
[SourceQuality "1"]

1. e4 c5 2. Nf3 Nc6 3. d4 cxd4 4. Nxd4 g6 5. Be3 Nf6 6. Nc3 Bg7 7. Bc4 Qa5 8. 0-0 0-0 9. Bb3 d6 10. f3 Bd7 11. Qd2 Rfe8 12. Rfd1 Rac8 13. Nxc6 bxc6 14. Ne2 Qxd2 15. Rxd2 c5 16. c4 Bc6 17. Nc3 Nd7 18. Nd5 Kf8 19. Bd1 Rb8 20. Rb1 a5 21. a4 Ne5 22. Rc1 Bxd5 23. exd5 Rb4 24. b3 Reb8 25. Bf4 Nd7 26. Rd3 Bb2 27. Kf1 Bxc1 28. Bxc1 Ne5 29. Re3 R4b7 30. Bd2 Ra8 31. f4 Nd7 32. Kf2 f5 33. Bc3 Kf7 34. Re6 Rb6 35. h3 Nf6 36. Ke3 Ne4 37. Be1 h5 38. Bh4 Ra7 39. g4 hxg4 40. hxg4 Nf6 41. gxf5 gxf5 42. Be1 Ra8 43. Kd3 Rh8 44. Bxa5 Rh3+ 45. Re3 Rxe3+ 46. Kxe3 Rb8 47. Bc2 Ne4 48. Bc7 Rb7 49. Bd8 Ke8 50. Ba5 Kd7 51. Be1 e6 52. dxe6+ Kxe6 53. a5 Nf6 54. Kd3 Nd7 55. Bd1 Nb8 56. b4 cxb4 57. Bf3 Ra7 58. Bxb4 Kd7 59. c5 Na6 60. c6+ Kc7 61. Bc3 Nb8 62. Kc4 Nxc6 63. Kd5 Kd7 64. Bd1 Nxa5 65. Bc2 Nb7 66. Bxf5+ Ke7 67. Bc8 Nd8 68. Be1 Nf7 69. Bh4+ Kf8 70. Ke6 Ra4 71. Be7+ Kg7 72. Bxd6 Nxd6 73. Kxd6 Rxf4 74. Ke5 Ra4 75. Bd7 Ra5+ 76. Kd4 Kf6 77. Kc3 Ke5 78. Kb2 Kd4 79. Be8 Ra8 80. Bf7 Rb8+ 81. Ka2 Kc3 82. Ka1 Rb2 83. Be6 Kc2 84. Bf5+ Kc1 85. Be6 Rb6 86. Ba2 Ra6 1/2-1/2

[Event "Kiev Ukraine CC"]
[Site "Kiev"]
[Date "2006.11.04"]
[Round "8"]
[White "Nesterets, Anatoliy"]
[Black "Kosikov, Andrey"]
[Result "1-0"]
[WhiteElo "2388"]
[BlackElo "2242"]
[PlyCount "71"]
[EventDate "2006.10.28"]
[EventType "swiss"]
[EventRounds "9"]
[EventCountry "UKR"]
[SourceTitle "EXT 2023"]
[Source "ChessBase"]
[SourceDate "2022.10.05"]
[SourceVersion "1"]
[SourceVersionDate "2022.10.05"]
[SourceQuality "1"]

1. d4 c5 2. d5 e5 3. e4 d6 4. Nc3 g6 5. h4 Nf6 6. Be2 h5 7. Nh3 a6 8. f3 Bxh3 9. Rxh3 b5 10. a4 b4 11. Nb1 Be7 12. Nd2 Nfd7 13. g3 a5 14. Bb5 Kf8 15. Qe2 Nb6 16. b3 Bf6 17. Bb2 Bg7 18. 0-0-0 N8d7 19. Kb1 Rc8 20. Rh2 Kg8 21. Bxd7 Qxd7 22. Nc4 Nxc4 23. Qxc4 Qb7 24. Rf2 Kh7 25. Rdf1 Rhf8 26. g4 Qe7 27. gxh5 Qxh4 28. Qe2 f5 29. hxg6+ Kg8 30. Rh2 Qf6 31. f4 Qxg6 32. Rg2 Qe8 33. Rfg1 Rf7 34. fxe5 dxe5 35. exf5 Kf8 36. f6 1-0

[Event "Kiev Ukraine CC"]
[Site "Kiev"]
[Date "2006.10.30"]
[Round "3"]
[White "Kosikov, Andrey"]
[Black "Dovzhenko, Alexander"]
[Result "1-0"]
[WhiteElo "2242"]
[BlackElo "1983"]
[PlyCount "117"]
[EventDate "2006.10.28"]
[EventType "swiss"]
[EventRounds "9"]
[EventCountry "UKR"]
[SourceTitle "EXT 2023"]
[Source "ChessBase"]
[SourceDate "2022.10.05"]
[SourceVersion "1"]
[SourceVersionDate "2022.10.05"]
[SourceQuality "1"]

1. Nf3 Nf6 2. c4 g6 3. g3 d6 4. d4 Bg7 5. Bg2 c6 6. 0-0 0-0 7. Nc3 Nbd7 8. h3 e5 9. e4 Re8 10. Be3 a5 11. Qc2 Nf8 12. Rfd1 Qe7 13. c5 exd4 14. cxd6 Qxd6 15. e5 Rxe5 16. Nxe5 Qxe5 17. Bxd4 Qh5 18. Qe2 Qxe2 19. Nxe2 g5 20. Be3 h6 21. Rd8 Kh7 22. Rad1 Ne6 23. R8d2 Nc7 24. Nc3 Be6 25. g4 Ncd5 26. Nxd5 Bxd5 27. Bxd5 Nxd5 28. Bd4 Re8 29. Kf1 Bf8 30. Re2 Rd8 31. Red2 Re8 32. a3 Nf4 33. Be3 Nd5 34. Re2 Rd8 35. Rde1 Bg7 36. Bc1 Kg6 37. Re8 Rd7 38. Ra8 b6 39. Rc8 Nc7 40. Kg2 c5 41. Rb8 Rd6 42. Re7 Nd5 43. Ree8 Nf6 44. Red8 Re6 45. Be3 h5 46. Kf3 Rc6 47. Rb7 Re6 48. a4 hxg4+ 49. hxg4 Rc6 50. Bd2 Re6 51. Bc3 Ne4 52. Bxg7 Kxg7 53. Rdd7 Nd6 54. Rxb6 Rf6+ 55. Kg2 Nc4 56. Rxf6 Kxf6 57. b3 Ne5 58. Rd6+ Ke7 59. Rd5 1-0

[Event "Kiev Ukraine CC"]
[Site "Kiev"]
[Date "2006.10.29"]
[Round "2"]
[White "Pavlov, Sergey1"]
[Black "Kosikov, Andrey"]
[Result "1-0"]
[WhiteElo "2428"]
[BlackElo "2242"]
[PlyCount "59"]
[EventDate "2006.10.28"]
[EventType "swiss"]
[EventRounds "9"]
[EventCountry "UKR"]
[SourceTitle "EXT 2023"]
[Source "ChessBase"]
[SourceDate "2022.10.05"]
[SourceVersion "1"]
[SourceVersionDate "2022.10.05"]
[SourceQuality "1"]

1. Nf3 c5 2. c4 Nc6 3. d4 cxd4 4. Nxd4 g6 5. e4 Nf6 6. Nc3 Nxd4 7. Qxd4 d6 8. Be2 Bg7 9. Be3 0-0 10. Qd2 a5 11. 0-0 a4 12. f3 Bd7 13. Rab1 Bc6 14. b4 axb3 15. axb3 Nd7 16. b4 Ra3 17. Rfc1 b6 18. Nd5 e6 19. Nc3 Qa8 20. Bd4 Bxd4+ 21. Qxd4 Qb8 22. Rd1 Rd8 23. Rbc1 Nf8 24. e5 d5 25. cxd5 Bxd5 26. Bc4 Re8 27. Bxd5 exd5 28. Nxd5 Rxe5 29. Nf6+ Kh8 30. Ng4 1-0

[Event "Rodatychi op"]
[Site "Rodatychi"]
[Date "2006.08.30"]
[Round "6"]
[White "Kosikov, Andrey"]
[Black "Golovlev, Nikolay"]
[Result "1-0"]
[WhiteElo "2152"]
[BlackElo "2283"]
[PlyCount "103"]
[EventDate "2006.08.27"]
[EventType "swiss"]
[EventRounds "9"]
[EventCountry "UKR"]
[SourceTitle "EXT 2008"]
[Source "ChessBase"]
[SourceDate "2007.11.25"]
[SourceVersion "1"]
[SourceVersionDate "2007.11.25"]
[SourceQuality "1"]

1. Nf3 f5 2. g3 Nf6 3. Bg2 d6 4. c4 e5 5. d3 Nc6 6. Nc3 Be7 7. 0-0 0-0 8. Rb1 Qe8 9. b4 h6 10. b5 Nd8 11. c5 Be6 12. Qa4 g5 13. cxd6 cxd6 14. Ba3 Nf7 15. Rfc1 d5 16. e4 fxe4 17. dxe4 d4 18. Nd5 Nxd5 19. exd5 Bxd5 20. Re1 Bxf3 21. Bxf3 Bxa3 22. Qxa3 Qd7 23. Qd3 Kg7 24. Qe4 Rac8 25. Bg4 Qc7 26. Bxc8 Rxc8 27. Rbc1 Qxc1 28. Rxc1 Rxc1+ 29. Kg2 Rc7 30. f4 Rd7 31. fxe5 d3 32. Qf5 Nxe5 33. Qxe5+ Kf7 34. Qf5+ Ke8 35. Qg6+ Kd8 36. Qf6+ Ke8 37. Qh8+ Kf7 38. Qh7+ Ke8 39. Qxh6 d2 40. Qh5+ Kd8 41. Qd1 Kc7 42. Kf3 Kb6 43. a4 Ka5 44. h4 gxh4 45. gxh4 Kb4 46. Ke2 Kc3 47. Qa1+ Kc2 48. Qa2+ Kc3 49. Kd1 a5 50. h5 b6 51. h6 Rd8 52. h7 1-0

[Event "Ilichevsk Sunny Pawn op"]
[Site "Ilichevsk"]
[Date "2006.07.29"]
[Round "9"]
[White "Kosikov, Andrey"]
[Black "Neschetny, Viktor"]
[Result "1/2-1/2"]
[WhiteElo "2152"]
[BlackElo "2115"]
[PlyCount "150"]
[EventDate "2006.07.20"]
[EventType "swiss"]
[EventRounds "11"]
[EventCountry "UKR"]
[SourceTitle "CBM 113 Extra"]
[Source "ChessBase"]
[SourceDate "2006.09.14"]
[SourceVersion "1"]
[SourceVersionDate "2006.09.14"]
[SourceQuality "1"]

1. Nf3 d6 2. c4 f5 3. g3 Nf6 4. Bg2 g6 5. Nc3 Bg7 6. 0-0 0-0 7. Rb1 a5 8. a3 Nc6 9. b4 axb4 10. axb4 e5 11. b5 Ne7 12. d3 Nh5 13. Qb3 Kh8 14. Nd2 f4 15. Nde4 Nf5 16. Qd1 Ne7 17. Bb2 Bf5 18. Ra1 Qd7 19. Re1 Rxa1 20. Qxa1 b6 21. Nd5 Nxd5 22. cxd5 Bxe4 23. Bxe4 Qxb5 24. d4 fxg3 25. hxg3 exd4 26. Bxd4 Bxd4 27. Qxd4+ Kg8 28. Bf3 Nf6 29. Rc1 Rf7 30. g4 h6 31. Qd2 g5 32. Qd4 Qe8 33. Rc6 Qd8 34. Kg2 Nd7 35. Rc1 Ne5 36. Be4 Nxg4 37. Bf5 Rxf5 38. Qxg4 Rf6 39. Qe4 Kg7 40. f3 h5 41. Rh1 Kh6 42. Rc1 Qd7 43. Kf2 Rf7 44. Ra1 Qe7 45. Qd3 g4 46. Ra8 Kg7 47. Rc8 Qh4+ 48. Ke3 Qg5+ 49. Kf2 Qe5 50. Kg2 gxf3+ 51. exf3 Re7 52. Kh3 Rf7 53. Kg2 h4 54. f4 Qxf4 55. Qc3+ Kg6 56. Rg8+ Kf5 57. Qh3+ Ke5 58. Qe6+ Kd4 59. Rg4 Qxg4+ 60. Qxg4+ Kxd5 61. Qg8 Ke6 62. Qe8+ Re7 63. Qc6 Rf7 64. Kh3 Kf6 65. Kxh4 Rg7 66. Qc3+ Kg6 67. Kg4 Rf7 68. Qh8 Rg7 69. Qf8 Rf7 70. Qe8 Kf6 71. Qc6 Re7 72. Qc3+ Kf7 73. Kg5 Re5+ 74. Kh6 Re6+ 75. Kh7 Re7 1/2-1/2

[Event "Ilichevsk Sunny Pawn op"]
[Site "Ilichevsk"]
[Date "2006.07.28"]
[Round "8"]
[White "Kigel, Dmytro"]
[Black "Kosikov, Andrey"]
[Result "1/2-1/2"]
[WhiteElo "1993"]
[BlackElo "2152"]
[PlyCount "56"]
[EventDate "2006.07.20"]
[EventType "swiss"]
[EventRounds "11"]
[EventCountry "UKR"]
[SourceTitle "CBM 113 Extra"]
[Source "ChessBase"]
[SourceDate "2006.09.14"]
[SourceVersion "1"]
[SourceVersionDate "2006.09.14"]
[SourceQuality "1"]

1. c4 c5 2. Nf3 Nc6 3. d4 cxd4 4. Nxd4 g6 5. e4 Bg7 6. Be3 Nf6 7. Nc3 0-0 8. Be2 d6 9. 0-0 Nxd4 10. Bxd4 Bd7 11. f3 Bc6 12. Qd2 Nd7 13. Bxg7 Kxg7 14. Kh1 a5 15. f4 f6 16. Rad1 Qb6 17. Bf3 Qb4 18. Qe2 Rfe8 19. Nd5 Bxd5 20. Rxd5 Rac8 21. b3 Rc5 22. Rxc5 Qxc5 23. Rd1 a4 24. Bg4 Nb6 25. e5 Kf8 26. Re1 f5 27. Bf3 axb3 28. axb3 d5 1/2-1/2

[Event "Ilichevsk Sunny Pawn op"]
[Site "Ilichevsk"]
[Date "2006.07.27"]
[Round "7"]
[White "Kosikov, Andrey"]
[Black "Pavlov, Sergey1"]
[Result "0-1"]
[WhiteElo "2152"]
[BlackElo "2415"]
[PlyCount "74"]
[EventDate "2006.07.20"]
[EventType "swiss"]
[EventRounds "11"]
[EventCountry "UKR"]
[SourceTitle "CBM 113 Extra"]
[Source "ChessBase"]
[SourceDate "2006.09.14"]
[SourceVersion "1"]
[SourceVersionDate "2006.09.14"]
[SourceQuality "1"]

1. Nf3 g6 2. c4 Bg7 3. g3 c5 4. Bg2 Nc6 5. Nc3 e5 6. Rb1 Nge7 7. 0-0 0-0 8. a3 a5 9. Ne1 d6 10. Nc2 Be6 11. Nd5 a4 12. Nce3 Nd4 13. d3 Nec6 14. Bd2 f5 15. f4 exf4 16. Nxf4 Bf7 17. Ned5 g5 18. Nh3 Bh5 19. Re1 h6 20. Kh1 Re8 21. Ng1 Ne5 22. Bc3 Ng4 23. Rf1 f4 24. h3 Ne3 25. Nxe3 Rxe3 26. g4 Bf7 27. Bxd4 Bxd4 28. Nf3 Bg7 29. Nd2 h5 30. Bf3 Be6 31. Rg1 hxg4 32. hxg4 Bd4 33. b4 axb3 34. Rxb3 Rb8 35. Qb1 Qe7 36. Kg2 Bxg4 37. Bxg4 Rg3+ 0-1

[Event "Ilichevsk Sunny Pawn op"]
[Site "Ilichevsk"]
[Date "2006.07.25"]
[Round "6"]
[White "Pylypchuk, Oleg"]
[Black "Kosikov, Andrey"]
[Result "0-1"]
[WhiteElo "2021"]
[BlackElo "2152"]
[PlyCount "76"]
[EventDate "2006.07.20"]
[EventType "swiss"]
[EventRounds "11"]
[EventCountry "UKR"]
[SourceTitle "CBM 113 Extra"]
[Source "ChessBase"]
[SourceDate "2006.09.14"]
[SourceVersion "1"]
[SourceVersionDate "2006.09.14"]
[SourceQuality "1"]

1. e4 c5 2. Nf3 Nc6 3. d4 cxd4 4. Nxd4 g6 5. Nc3 Bg7 6. Be3 Nf6 7. Be2 0-0 8. Nb3 a5 9. f4 a4 10. Nd4 a3 11. Nxc6 bxc6 12. e5 axb2 13. Rb1 Nd5 14. Nxd5 Qa5+ 15. Qd2 cxd5 16. Qxa5 Rxa5 17. Rxb2 d6 18. Bd4 dxe5 19. fxe5 Bf5 20. 0-0 h5 21. Bb5 Rc8 22. Rf2 Ra3 23. c3 e6 24. Be2 Bh6 25. Bd1 Bc1 26. Rb7 Raxc3 27. Bxc3 Rxc3 28. Kf1 Be3 29. Rf3 d4 30. h3 Rc1 31. Ke2 Bg5 32. Ra3 d3+ 33. Ke1 Rc5 34. Raa7 Rxe5+ 35. Kf1 d2 36. Rxf7 Re1+ 37. Kf2 Be3+ 38. Kg3 Bxa7 0-1

[Event "UKR-chT 13th"]
[Site "Alushta"]
[Date "2006.04.23"]
[Round "9.2"]
[White "Kosikov, Andrey"]
[Black "Andreev, Eduard"]
[Result "0-1"]
[WhiteElo "2147"]
[BlackElo "2470"]
[PlyCount "74"]
[EventDate "2006.04.15"]
[EventType "team-tourn"]
[EventRounds "9"]
[EventCountry "UKR"]
[SourceTitle "EXT 2019"]
[Source "ChessBase"]
[SourceDate "2018.10.10"]
[SourceVersion "1"]
[SourceVersionDate "2018.10.10"]
[SourceQuality "1"]
[WhiteTeam "Kiev Avangard"]
[BlackTeam "Kharkov Law Academy"]
[WhiteTeamCountry "UKR"]
[BlackTeamCountry "UKR"]

1. c4 c5 2. Nc3 Nc6 3. g3 g6 4. Bg2 Bg7 5. Nf3 e5 6. 0-0 d6 7. d3 Nge7 8. Ne1 Be6 9. Nd5 0-0 10. Nc2 Rb8 11. Rb1 b5 12. a3 a5 13. e4 h6 14. Nce3 f5 15. f4 fxe4 16. Bxe4 Qd7 17. Bd2 Bh3 18. Re1 Nf5 19. cxb5 Rxb5 20. Qa4 Ncd4 21. Nc3 Rb7 22. Qxd7 Rxd7 23. Nc4 exf4 24. Bxf4 g5 25. Bd5+ Kh8 26. Bd2 Ne7 27. Bg2 Nf3+ 28. Bxf3 Rxf3 29. Be3 Nc6 30. Nd2 Rf8 31. Nb5 Ne5 32. d4 Ng4 33. dxc5 dxc5 34. Nc4 Nxe3 35. Rxe3 Rdf7 36. Nd2 Rf2 37. Ne4 Rf1+ 0-1

[Event "UKR-chT 13th"]
[Site "Alushta"]
[Date "2006.04.19"]
[Round "5.5"]
[White "Tishin, Dmitry"]
[Black "Kosikov, Andrey"]
[Result "1/2-1/2"]
[WhiteElo "2316"]
[BlackElo "2147"]
[PlyCount "63"]
[EventDate "2006.04.15"]
[EventType "team-tourn"]
[EventRounds "9"]
[EventCountry "UKR"]
[SourceTitle "EXT 2019"]
[Source "ChessBase"]
[SourceDate "2018.10.10"]
[SourceVersion "1"]
[SourceVersionDate "2018.10.10"]
[SourceQuality "1"]
[WhiteTeam "Simferopol Crimean Engin and Pedagog"]
[BlackTeam "Kiev Avangard"]
[WhiteTeamCountry "UKR"]
[BlackTeamCountry "UKR"]

1. d4 c5 2. d5 e5 3. e4 d6 4. h3 g6 5. Nf3 Bg7 6. Nc3 Ne7 7. Bd3 0-0 8. 0-0 h6 9. Nd2 f5 10. Nc4 a6 11. a4 b6 12. Rb1 Qc7 13. b4 Nd7 14. Ba3 Rb8 15. Qe1 f4 16. f3 g5 17. Qf2 Ng6 18. Rb2 b5 19. axb5 axb5 20. Nxd6 Qxd6 21. bxc5 Qa6 22. Rb3 Nf6 23. c6 Rf7 24. Bxb5 Qa5 25. Bc5 Nf8 26. d6 Ne6 27. Ba3 Qd8 28. c7 Nxc7 29. dxc7 Rxc7 30. Rd1 Bd7 31. Bc4+ Kh8 32. Nd5 1/2-1/2